Color y palabra 2 /

Guardado en:
Autor Principal: Giménez Pastor, Marta
Formato: Libro
Publicado: Buenos Aires : Huemul, 1984.
Series:Textos Huemul
Materias:
Etiquetas: Agregar Etiqueta
Sin Etiquetas, Sea el primero en etiquetar este registro!
LEADER 00717nam a22002415a 4500
001 CEM.cems012511
005 20070423135309.0
008 130507s1984##################000#0#####d
003 CEMS
020 |a 950101423 
082 0 4 |a 372.41 
100 1 |a Giménez Pastor, Marta 
245 1 0 |a Color y palabra 2 /  |c Marta Giménez Pastor. 
260 |a Buenos Aires :  |b Huemul,  |c 1984. 
300 |a 131 p. 
490 0 |a Textos Huemul 
500 |a Libro de lectura para 2º grado. 
653 |a Biblioteca maría de los Ángeles saggio 
653 |a Educación 
653 |a Educación primaria 
653 |a Lengua-2º egb 
653 |a Lengua-lectura 
859 |a CEMS  |b BIB. CEMS - 11 de abril  |h 372.41  |i G429  |p 23818.07  |t Ej.1  |v 2º  |3 2º